Union Soviétique de A à Z - Difficile - Statistiques

Statistiques générales
  • Ce quiz a été pris 98 fois
  • Le résultat moyen est 11 sur 26
Statistiques - réponses
Indice Réponse % Correct
F Homme d'État cubain, Héros de l'Union Soviétique (prénom) Fidel Castro
86%
E Capitale de la République Socialiste Soviétique d'Arménie de 1936 à 1991 Erevan
76%
S Dirigeant géorgien de l'URSS Staline
75%
Y Ville de Crimée célèbre pour sa conférence de 1945 Yalta
69%
K A pour capitale Bichkek de 1936 à 1991 : la République Socialiste Soviétique... Kirghize
63%
Q État ayant établi des relations diplomatiques avec l'URSS en 1988. Qatar
61%
X Siècle d'existence de l'URSS XXème
61%
C Chef d'État occidental ayant effectué une visite officielle en URSS en 1966 (prénom) Charles de Gaulle
59%
N Ancêtre du KGB NKVD
54%
B Étymologiquement "Russie blanche" Biélorussie
52%
U RSS d'origine de Léonid Ilitch Brejnev Ukraine
49%
J Maréchal soviétique Joukov
48%
A Capitale de la République Socialiste Soviétique Kazakhe de 1929 à 1991 Alma-Ata
41%
M Langue latine utilisant sous l'URSS un alphabet cyrillique Moldave
41%
T Territoire russophone de la République Socialiste Soviétique moldave Transnistrie
41%
D Type de construction dans laquelle Staline meurt à Kountsevo Datcha
38%
I Hymne soviétique de 1922 à 1944 Internationale
37%
O Lieu de tournage principal du film de 1925 Le cuirassé Potemkine Odessa
34%
H Grande famine organisée en 1932-1933 en Ukraine Holodomor
31%
W Anglais espionnant le Royaume-Uni au profit de l'URSS (prénom) William Fisher
18%
V Premier programme spatial habité soviétique Vostok
14%
L Tristement célèbre prison de Moscou Loubianka
11%
G Célèbre ministre des Affaires Etrangères de 1957 à 1985, originaire de Biélorussie Gromyko
10%
R Fameux lance-roquettes soviétique inspiré du Panzerfaust allemand RPG
10%
P Premier conseil du Comité central du Parti communiste de l'Union soviétique (PCUS) Politburo
6%
Z En 1921, la ville ukrainienne d'Alexandrovsk prend le nom officiel de ... Zaporijjia
1%
Aucun quiz correspondant
Distribution des résultats
% des personnes avec chaque résultat
Percentile par nombre de réponses
Votre historique - résultats
Vous n’avez pas pris ce quiz